Đội nhóm trong mơ Bí quyết gắn kết đội nhóm để đạt tới đỉnh cao
Trình bày về: Những người bạn cảnh sát và những đỉnh núi; Vấn đề thiếu lâm; Vòng tròn ma thuật; Những thiên thần gây rối; Hình vuông đen; Chào mừng tới vùng đất của cướp biển...; Tên sách tiếng Anh: Dream Teams:...
שמור ב:
| מחבר ראשי: | |
|---|---|
| מחברים אחרים: | |
| פורמט: | ספר |
| שפה: | Undetermined |
| יצא לאור: |
H.
Hồng Đức
2019
|
| נושאים: | |
| גישה מקוונת: | http://lrc.tdmu.edu.vn/opac/search/detail.asp?aID=2&ID=41308 |
| תגים: |
הוספת תג
אין תגיות, היה/י הראשונ/ה לתייג את הרשומה!
|
| Thư viện lưu trữ: | Trung tâm Học liệu Trường Đại học Thủ Dầu Một |
|---|
| LEADER | 01079nam a2200229Ia 4500 | ||
|---|---|---|---|
| 001 | TDMU_41308 | ||
| 008 | 210410s9999 xx 000 0 und d | ||
| 082 | |a 428.20465 | ||
| 090 | |b SN435 | ||
| 100 | |a Snow, Shane | ||
| 245 | 0 | |a Đội nhóm trong mơ | |
| 245 | 0 | |b Bí quyết gắn kết đội nhóm để đạt tới đỉnh cao | |
| 245 | 0 | |c Shane Snow; Ngô Thế Vinh dịch | |
| 260 | |a H. | ||
| 260 | |b Hồng Đức | ||
| 260 | |c 2019 | ||
| 300 | |a 471tr. | ||
| 520 | |a Trình bày về: Những người bạn cảnh sát và những đỉnh núi; Vấn đề thiếu lâm; Vòng tròn ma thuật; Những thiên thần gây rối; Hình vuông đen; Chào mừng tới vùng đất của cướp biển...; Tên sách tiếng Anh: Dream Teams: | ||
| 650 | |a Làm việc nhóm |x Chiến lược | ||
| 700 | |a Ngô, Thế Vinh | ||
| 856 | |u http://lrc.tdmu.edu.vn/opac/search/detail.asp?aID=2&ID=41308 | ||
| 980 | |a Trung tâm Học liệu Trường Đại học Thủ Dầu Một | ||